Normal view MARC view
  • Khaldun, Ibn

Entry Personal Name

Number of records used in: 1

001 - CONTROL NUMBER

  • control field: 134412

003 - CONTROL NUMBER IDENTIFIER

  • control field: NUST

005 - DATE AND TIME OF LATEST TRANSACTION

  • control field: 20260512120459.0

008 - FIXED-LENGTH DATA ELEMENTS

  • fixed length control field: 260512|| aca||aabn | a|a d

040 ## - CATALOGING SOURCE

  • Original cataloging agency: NUST
  • Transcribing agency: NUST

100 ## - HEADING--PERSONAL NAME

  • Personal name: Khaldun, Ibn
  • Dates associated with a name: 1332-1406

670 ## - SOURCE DATA FOUND

  • Source citation: Work cat.: (NUST): Khaldun, Ibn 1332-1406., The Muqaddimah:, 2005.
© 2023 Central Library, National University of Sciences and Technology. All Rights Reserved.